000 00311nam a22001337a 4500
008 180302b xxu||||| |||| 00| 0 eng d
020 _a9780395637838
041 _aeng
080 _25 ED
_a37
100 _a25
101 _aEDU
245 _aINSTRUCTORS FUNDATIONS OF EDUCATION
_cALAN.C.O
942 _2udc
_cBK
999 _c44016
_d44016